| 000 | 01168nam a2200277Ia 4500 | ||
|---|---|---|---|
| 003 | PE SENCICO BE | ||
| 005 | 20251020182439.0 | ||
| 008 | 200515s9999 xx 000 0 und d | ||
| 020 | _a978-84-8138-928-9 | ||
| 040 |
_aPE SENCICO BE _cPE SENCICO BE |
||
| 041 | _aspa | ||
| 082 |
_a526.982 _bA |
||
| 245 | 1 | 0 |
_aAplicación de la topografía y la fotogrametría a la intervención en el patrimonio / _cFrancisco Maza Vásquez, Fernando Da Casa Martín, Jorge Luis López Viejo, Marta Lorenzana Fernández ... [y otros] |
| 250 | _a[1a ed.] | ||
| 260 |
_aMadrid : _bUniversidad de Alcalá, _c2011 |
||
| 300 |
_a103 páginas : _bilustraciones, tablas, gráficos a colores ; _c24 cm. |
||
| 490 |
_aTextos universitarios ; _aArquitectura |
||
| 505 | 0 | _aIntroducción al objeto -- Memoria topográfica -- Restitución fotogramétrica -- Aplicaciones prácticas del método | |
| 650 | 1 | 0 |
_aFotogrametría _9120 |
| 650 | 2 | 0 |
_aTopografía _94 |
| 650 | 2 | 0 |
_aMétodos topográficos _91235 |
| 700 | 1 |
_93248 _aMaza Vásquez, Francisco _eautor |
|
| 700 | 1 |
_93277 _aDa Casa Martin, Fernando _eautor |
|
| 700 | 1 |
_93278 _aLópez Viejo, Jorge Luis _eautor |
|
| 942 |
_cLIB _2ddc |
||
| 999 |
_c497 _d497 |
||